000 00518nam a2200205 a 4500
999 _c2371
_d2371
001 2371
003 BD-JhCC
005 20181206134017.0
008 171101s1998 cn ||||| |||| 00| 0 eng d
035 _a(BD-JhCC)2371
040 _aBD-JhCC
_dBD-JhCC
041 _aeng
082 _a650.1
_bWHI 1998
100 _aWhite, Jennifer
245 _aWork Less, Make More /
_cJennifer White
260 _aCanada:
_bJohn Wiley & Sons, Inc
_c1998
300 _a246 p. ;
_c24 cm
650 _aCareer Changes
942 _2ddc
_cBK
_01